Ibn Sina on demonstration : a logico-epistemological framework of Ibn Sina's philosophy of science /
Saved in:
| Main Author: | |
|---|---|
| Format: | Thesis |
| Language: | English |
| Published: |
Kuala Lumpur :
International Institute of Islamic Thought and Civilization (ISTAC),
1997
|
| Subjects: | |
| Online Access: | Click here to view 1st 24 pages of the thesis. Members can view fulltext at the specified PCs in the library. |
| Tags: |
Add Tag
No Tags, Be the first to tag this record!
|
| LEADER | 020260000a22003730004500 | ||
|---|---|---|---|
| 001 | 316865 | ||
| 005 | 20100409115200.0 | ||
| 008 | 050318s1997 my g b 000 0 eng d | ||
| 035 | |a (Sirsi) 316865 | ||
| 040 | |a UIAM |b eng | ||
| 041 | 0 | |a eng | |
| 049 | |b i | ||
| 050 | |a BC57 | ||
| 100 | 1 | |a Amran Muhammad | |
| 245 | 1 | 0 | |a Ibn Sina on demonstration : |b a logico-epistemological framework of Ibn Sina's philosophy of science / |c by Amran Muhammad |
| 260 | |a Kuala Lumpur : |b International Institute of Islamic Thought and Civilization (ISTAC), |c 1997 | ||
| 300 | |a v, 105 lvs. ; |c 31 cm. | ||
| 500 | |a "A thesis submitted to the International Institute of Islamic Thought and Civilization (ISTAC) in partial fulfillment of the requirements for the M.A degree" -- On t.p. | ||
| 502 | |a Thesis (Master)--International Islamic University Malaysia, International Institute of Islamic Thought and Civilization, 1997. | ||
| 504 | |a Includes bibliographical references (lv. 101-105). | ||
| 596 | |a 1 5 | ||
| 600 | 1 | 0 | |a Ibn Sina (Avicenna), |d 980-1037 |
| 600 | 1 | 0 | |a Avicenna, |d 980?-1037 |x Contributions in logic |
| 600 | 1 | 0 | |a Avicenna, |d 980?-1037 |x Demonstration |
| 600 | 1 | 0 | |a Avicenna, 980?-1037 |x Philosophy |
| 650 | 0 | |a Philosophy of science | |
| 655 | 0 | 7 | |a Theses, IIUM local |
| 690 | 0 | |a Dissertations, Academic |x International Institute of Islamic Thought and Civilization |z IIUM | |
| 710 | 2 | |a International Islamic University Malaysia. |b International Institute of Islamic Thought and Civilization | |
| 856 | 4 | |u http://studentrepo.iium.edu.my/handle/123456789/6534 |z Click here to view 1st 24 pages of the thesis. Members can view fulltext at the specified PCs in the library. | |
| 900 | |a nznm-za-naw | ||
| 999 | |c 435491 |d 464356 | ||
| 952 | |0 0 |6 T BC 000057 A527I 1997 |7 0 |8 THESES |9 751804 |a SMNAL |b SMNAL |c CLOSEACCES |g 0.00 |o t BC57A527I 1997 |p 00000929897 |r 1900-01-02 |t 1 |v 0.00 |y THESIS | ||
| 952 | |0 0 |6 T BC 000057 A527I 1997 |7 0 |8 THESES |9 756924 |a IIUM |b IIUM |c MULTIMEDIA |g 0.00 |o t BC 57 A527I 1997 |p 11100343997 |r 2017-10-17 |t 1 |v 0.00 |y THESIS | ||
